| 000 | 00576nam a22001937a 4500 | ||
|---|---|---|---|
| 999 |
_c9068 _d9068 |
||
| 003 | AR-CdUCM | ||
| 008 | 190327b ||||| |||| 00| 0 spa d | ||
| 040 |
_aMUNICIPALIDAD PROVINCIAL DEL CUSCO _cBIBLIOTECA MUNICIPAL DEL CUSCO |
||
| 082 |
_a866.4 / _bL49 |
||
| 100 |
_aLerch, Emil _925053 |
||
| 245 | _aGarcía Carderón, Ventura | ||
| 260 |
_aFribourg : _bEgloff - Editeur , _c1948. |
||
| 300 |
_a34 páginas ; _c17.5 cm. |
||
| 650 |
_aBibliografias _9991 |
||
| 650 |
_aGarcia Carlderon _925054 |
||
| 650 |
_aLiteratura Francesa _9614 |
||
| 942 |
_2ddc _cLIBROS |
||
| 945 | _artm | ||